| 000 | 00392cam a2200145u 4500 | ||
|---|---|---|---|
| 082 |
_a320.01 _bBAR _cN01,P-155 |
||
| 100 | 1 |
_aBarker, Ernest, _937612 |
|
| 245 | 0 | 0 | _aGreek political theory; |
| 250 | _a2d. ed. | ||
| 260 |
_aDelhi, _bCosmo Publications. _c1925. |
||
| 300 |
_axiii, 403, [1] p. _c23 cm. |
||
| 526 |
_a0 _b0 _c0 _d320_010000000000000_BAR |
||
| 650 |
_aNUST _96342 |
||
| 942 |
_2ddc _cBK |
||
| 999 |
_c542438 _d542438 |
||